European capitals (with Map) - Statistics

General Stats
  • This quiz has been taken 107 times
    104 since last reset
  • The average score is 42 of 48
Answers on the Map
Answers color-coded by a green-red scale on the quiz's map according to % correct below.
 
Answer Stats
Capitals % Correct
Helsinki
97%
San Marino
97%
Brussels
95%
Copenhagen
95%
Copenhagen
95%
Dublin
95%
Lisbon
95%
London
95%
Rome
95%
Stockholm
95%
Vatican City
95%
Warsaw
95%
Berlin
94%
Kiev
94%
Luxembourg
94%
Madrid
94%
Minsk
94%
Monaco
94%
Moscow
94%
Oslo
94%
Reykjavík
94%
Amsterdam
92%
Athens
92%
Paris
92%
Riga
92%
Vienna
92%
Bucharest
91%
Budapest
91%
Prague
91%
Bern
89%
Andorra la Vella
88%
Belgrade
86%
Sofia
86%
Tallinn
86%
Zagreb
83%
Bratislava
80%
Valetta
80%
Ljubljana
78%
Ljubljana
78%
Ljubljana
78%
Skopje
78%
Tirana
78%
Pristina
77%
Sarajevo
77%
Vaduz
77%
Vilnius
77%
Podgorica
75%
Chișinău
73%
No matching quizzes found
Score Distribution
Percent of People with Each Score
Percentile by Number Answered
Your Score History
You have not taken this quiz since the last reset